000 00417pab a2200169 454500
008 180718b2011 xxu||||| |||| 00| 0 eng d
100 _aSharma, Chandan
245 _aEstimating infrastructural investment needs for India
260 _c2011
300 _ap.221-243.
362 _aMay
650 _aInfrastructure development
700 _aBhanumurthy, N.R.
773 _aMargin
908 _aN
909 _a92099
999 _c92099
_d92099